| 000 | 00722nam a22002177a 4500 | ||
|---|---|---|---|
| 999 |
_c159452 _d159452 |
||
| 005 | 20181218141910.0 | ||
| 010 | _aENG-124567 | ||
| 020 |
_a9789353162184 _c860.00 |
||
| 035 | _aEN-108099 | ||
| 037 | _bDBAD/PUB. | ||
| 082 | _a658.15 | ||
| 100 | _aKhan M Y | ||
| 245 |
_aFinancial management: _cby M Y Khan [and] P K Jain _btext, problems and cases / |
||
| 250 | _a8th ed. | ||
| 260 |
_bTata McGraw Hill _c2019 _aChennai |
||
| 270 |
_a444,/1, Sri Ekambara Naicker Industrial Estate, Alapakkam, Porur, _bChennai _e600116 |
||
| 300 |
_avarious paging _c26cm(pbk) _bill. |
||
| 500 | _aIt includes appendices, select bibliography and index | ||
| 700 | _aJain, P K | ||
| 942 |
_2ddc _cEN _mKHA _h658.15 |
||